|
|
|
|
| LEADER |
00000nkmaa2200000 a 4500 |
| 001 |
vtls011616045 |
| 003 |
SK-MaSNL |
| 005 |
20260331210923.0 |
| 007 |
kh bo |
| 008 |
230802e1960 xo | ||00 k|slo |
| 035 |
|
|
|a C232A753-633D-46C4-BF18-44CE18586359
|
| 035 |
|
|
|a urn:nbn:sk:snk-km43j00
|
| 035 |
|
|
|a urn:nbn:sk:snk-km00e57f
|
| 040 |
|
|
|a SNKLA
|b slo
|c SNKLA
|e AACR2
|
| 041 |
0 |
|
|a slo
|
| 044 |
|
|
|a xo
|c SK
|
| 100 |
1 |
|
|a Horan, Štefan
|4 pht
|9 346135
|
| 245 |
1 |
0 |
|a [Pamätný pomník Pavla Országha Hviezdoslava v Námestove]
|h grafika
|
| 260 |
|
|
|a [S.l.
|b s.n.]
|c 1960
|
| 300 |
|
|
|a 1 fotografia
|b čb
|c 14 x 9 cm
|
| 520 |
2 |
|
|a Zobrazenie: Pamätný pomník Pavla Országha Hviezdoslava v Námestove, ktorý bol slávnostne odhalený 6.6.1960. Autorom pomníka je Fraňo Štefunko.
|
| 600 |
1 |
7 |
|a Hviezdoslav, Pavol Országh,
|d 1849-1921
|2 SNKMA
|9 92721
|
| 650 |
0 |
7 |
|a pamätné pomníky
|2 SNKLA
|9 312239
|
| 651 |
|
7 |
|a Námestovo (Slovensko)
|2 SNKPH
|9 29879
|
| 655 |
|
7 |
|a fotografie
|2 SNKPH
|9 70713
|
| 700 |
1 |
|
|a Štefunko, Fraňo,
|d 1903-1974
|4 scl
|9 114523
|
| 852 |
7 |
|
|a Slovenská národná knižnica v Martine
|b Literárny archív
|
| 958 |
|
|
|a ZO
|
| 958 |
|
|
|a BLA
|
| 999 |
|
|
|c 763473
|d 765403
|
| 952 |
|
|
|a SNKLA
|b SNKLA
|c SNKLA_DEP
|y NEVYP
|7 0
|p 17A1008875
|o snkK 3/201
|i snkLA 3561/1960
|0 0
|1 0
|4 0
|d 2017-03-07
|f 1
|l 0
|r 2026-02-24 00:11:19
|w 2026-02-24
|